|
|
|
|
| LEADER |
00000naa2a2200000 4500 |
| 001 |
427069 |
| 005 |
20231101074622.0 |
| 035 |
|
|
|a (RuTPU)RU\TPU\prd\86183
|
| 035 |
|
|
|a RU\TPU\prd\9514
|
| 090 |
|
|
|a 427069
|
| 100 |
|
|
|a 20100903a2002 k y0rusy50 ca
|
| 101 |
0 |
|
|a rus
|
| 102 |
|
|
|a RU
|
| 200 |
1 |
|
|a Стабильный датчик температуры на основе структур с барьером Шотки на GaAs
|f Н. Г. Филонов
|
| 225 |
1 |
|
|a Лабораторная техника
|
| 320 |
|
|
|a Библиогр.: 10 назв.
|
| 461 |
|
1 |
|0 (RuTPU)RU\TPU\prd\300
|x 0032-8162
|t Приборы и техника эксперимента
|f Российская академия наук
|d 1956-
|
| 463 |
|
1 |
|0 (RuTPU)RU\TPU\prd\86160
|t № 3
|v с. 131-134
|d 2002
|
| 610 |
1 |
|
|a датчики температуры
|
| 610 |
1 |
|
|a барьер Шотки
|
| 610 |
1 |
|
|a термочувствительные элементы
|
| 610 |
1 |
|
|a полупроводниковые приборы
|
| 610 |
1 |
|
|a поверхностно-барьерные структуры
|
| 675 |
|
|
|a 621.317
|v 3
|
| 700 |
|
1 |
|a Филонов
|b Н. Г.
|
| 801 |
|
1 |
|a RU
|b 63413507
|c 20021226
|g PSBO
|
| 801 |
|
2 |
|a RU
|b 63413507
|c 20100903
|g RCR
|
| 942 |
|
|
|c BK
|